00607 2200241 4500001002100000005001700021008004100038035002400079082001000103090001700113100002000130245003900150250001200189260005500201300002900256500001100285650000900296850001300305980001300318985000600331986001300337999001500350YOGYA-0209000000294920090227020601.0 ind  0010-020900000002949 a539.7 a539.7bSac N aSACHS, Robert G aNuclear theorycby Robert G. Sachs a1st. Ed aCambridgebAddison-Wesley Publishing Companyc1955 axi, 383 hlmbilusc24 cm aIndeks aAtom aYOPDYOGB a02-01-06 a1 afwhrtrev ab000004777